[Event "Tata Steel-A 80th"]
[Site "Wijk aan Zee"]
[Date "2018.01.23"]
[Round "9"]
[White "Anand, Viswanathan"]
[Black "Carlsen, Magnus"]
[Result "1/2-1/2"]
[WhiteElo "2767"]
[BlackElo "2834"]
[Annotator "Fernandez,D"]
[PlyCount "63"]
[EventDate "2018.01.13"]
[EventType "tourn"]
[EventRounds "13"]
[EventCountry "NED"]
[EventCategory "20"]
[SourceTitle "CBM 183"]
[Source "ChessBase"]
[SourceDate "2018.03.14"]
[SourceVersion "1"]
[SourceVersionDate "2018.03.14"]
[SourceQuality "1"]
[TimeControl "40/6000+30:20/3000+30:900+30"]

1. e4 {[%emt 0:00:00]} e5 {[%emt 0:00:58]} 2. Nf3 {[%emt 0:00:00]} Nc6 {
[%emt 0:00:06]} 3. Bb5 {[%emt 0:00:00]} a6 {[%emt 0:00:15]} 4. Ba4 {[%emt 0:00:
00]} Nf6 {[%emt 0:00:44]} 5. O-O {[%emt 0:00:15]} Be7 {[%emt 0:00:09]} 6. Re1 {
[%emt 0:00:07]} b5 {[%emt 0:00:07]} 7. Bb3 {[%emt 0:00:07]} d6 {[%emt 0:00:07]}
8. c3 {[%emt 0:00:31]} O-O {[%emt 0:00:07]} 9. h3 {[%emt 0:00:07]} Nb8 {
[%emt 0:00:08] The famously solid Breyer variation! Similar in character to
some games of mine that began with the move 1.d4 b5, Black's play in this line
is extremely formulaic and rarely deviates from well-established and easily
understood plans. A good sign of mastery is to be able to combine elements
from different plans as the game dictates.} 10. d4 {[%emt 0:00:23]} (10. d3 $5
{is another move, recently used against Mamedyarov by the young Spanish GM
David Anton. The logic is that Black has spent time on ...Nb8 that he probably
wouldn't have done against an earlier d3-system. For instance:} Nbd7 11. Nbd2
Bb7 12. Nf1 Re8 13. Ng3 $132 {and White can contemplate playing with Nh2-g4 in
place of the standard d4, Bc2 stuff.}) 10... Nbd7 {[%emt 0:00:03]} 11. Nbd2 {
[%emt 0:00:09]} Bb7 {[%emt 0:00:11]} (11... c5 {The reason this move order is
not played, is that Black would like White to have to play a4 before Black
goes c4.} 12. Nf1 Re8 13. Ng3 Bf8 14. Ng5 {The point. Now there is no real
choice other than c4, and then Black has to go for tricks.} c4 15. Bc2 exd4 $5
(15... h6 16. Nf3 Bb7 17. d5 g6 18. Be3 {is exactly what Black doesn't want:
counterplay is slow to arrive because White doesn't have a4 yet, and White may
continue with Nh2-g4 or Qd2, etc.}) 16. cxd4 Bb7 17. Bd2 g6 $132 {Black's play
now is aimed at making the knight on g5 feel silly. Nevertheless, he doesn't
have quite enough pressure on e4 and the feeling is that White must be better
somehow, perhaps with a4 under the now-different circumstances.}) 12. Bc2 {
[%emt 0:07:27]} Re8 {[%emt 0:00:11]} 13. Nf1 {[%emt 0:01:09]} Bf8 {[%emt 0:00:
09]} 14. Ng3 {[%emt 0:00:06]} g6 {[%emt 0:00:08]} 15. a4 {[%emt 0:00:05]} (15.
Nh2 {is an interesting creative move:} exd4 16. cxd4 c5 17. d5 $11 {In this
kind of position it's hard to know how much weight to give to the opinion of
the machine, but Black should not be worse if he follows normal plans (...Bg7,
...c4, ...Nc5, possibly ...h5.) See Motycakova,M-Nemcova,K Frydek Mistek 2009.}
) (15. b3 $5 {A conceptually challenging line. White wants to get d5 without
a4, and not have it punished by ...c6 and detonation of the centre. Black must
react carefully, and I am not sure quite how to equalise here, though there is
a very interesting piece sacrifice which gives excellent compensation.} Bg7 (
15... c5 16. d5 $14) (15... d5 16. Bg5 h6 17. Bh4 $14 {seems to have been
pioneered by Mamedyarov and analysed down to a draw, but cloud engines
disagree! The consensus will probably change soon...}) 16. d5 Rc8 17. c4 {
This was White's point.} c6 18. Be3 (18. dxc6 Rxc6 19. cxb5 axb5 20. Bd3 b4 $11
{Berg,E-Butnorius,A Gibraltar 2008}) 18... Nb6 $1 {Now for concrete reasons
this is best.} (18... Qa5 {is suggested by the engine, but following} 19. a3
bxc4 20. bxc4 Nc5 21. Qd2 Qxd2 22. Nxd2 Nfd7 23. Rab1 $14 {the queens have
come off and Black is quite passive}) 19. Qe2 $1 {Other moves have been tried,
but this is the most convincing for White.} cxd5 20. cxd5 Nbxd5 {If not for
this move White would be trivially better.} 21. exd5 Nxd5 22. Rac1 $1 {The
only way to take back on e3 with a piece.} (22. Qd2 Nxe3 23. fxe3 e4 24. Nd4
Bxd4 25. exd4 e3 26. Qe2 Qh4 27. Kh2 Qxd4 {is not what White was looking for
from the opening}) 22... Nxe3 (22... Nc3 23. Qd2 $14) 23. Qxe3 d5 $44 {Black
has good compensation based on the big centre.}) 15... Nb6 $5 {[%emt 0:00:51]
Not a move I had seen before, but perhaps it will be seen more in light of the
present game.} (15... c5 {This is the main line. White is only given liberty
to close the centre after he has played a4. Here I have some quite detailed
analysis but suffice it to say in summary that Black faces some slight
problems according to the present theory, largely depending on how fast he
allows tripling on the a-file.} 16. d5 c4 17. Bg5 $1 {White is trying to cross
or delay Black's usual knight redeployment of Nc5, Nfd7.} Bg7 $1 (17... h6 $6 {
is less strong, and a simple plan for White can be formulated, involving...
tripling on the a-file. Far from gaining a tempo, ...h6 in fact loses one. I
will give some sample lines.} 18. Be3 Nc5 19. Qd2 h5 20. Ra3 Qc7 (20... Nfd7
21. Rea1 Nb6 {Else just R1a2, Qc1-a1, etc.} 22. a5 Nba4 {Interesting idea, but
probably bad.} 23. Rb1 $1 Bg7 24. Nf1 $14 {The idea is just Qd1, N1d2, Nxc4
and there is not a lot Black can do about it.}) 21. Rea1 Rab8 22. Qd1 Bc8 23.
axb5 axb5 24. Ra5 Rb7 25. R1a2 Bd7 26. Bg5 Nh7 27. Bd2 Nf6 28. Ng5 Reb8 29. Nf1
{White has gained a marginally more pleasant position and will be able to
triple on the a-file if desired, however if Black plays completely precisely
the advantage will grow, and as we all know, with almost nothing on the board
0.3 is a draw!}) 18. Qd2 Nc5 19. Ra3 (19. Nh2 Qc7 20. Ng4 Nxg4 21. hxg4 Bc8 22.
f3 Bd7 $11) 19... Qc7 20. Rea1 Reb8 21. Qc1 Nfd7 {Black is just about in time,
for instance:} 22. R1a2 Nd3 $132) (15... Bg7 $5 {is an interesting attempt to
dodge the main line - Black is fine to play with ...c6 in place of ...c5, and
keep the position compact and solid in a Philidor-like way.} 16. Bd3 {
Otherwise Black gets ...c5, free of the problems outlined above.} c6 17. Be3 (
17. Bg5 {encourages Black's concept:} Nf8 18. Qd2 Ne6 19. Be3 Nd7 $11 {Black
is fine as in Hou,Y-Sasikiran,K New Delhi 2011.}) 17... Qc7 $132 {Black is
playing for ...d5 and whether White has an edge depends heavily on whether he
can sufficiently discourage this move in the coming phase. One motif to pay
attention to is the dark-square complex. Anand has been on the White side of
this: Anand,V-Baramidze,D Baden-Baden 2015}) 16. axb5 {[%emt 0:06:22]} (16. a5
Nbd7 17. b4 $5 {Caruana,F-Roiz,M Bilbao 2014 , An audacious concept . White is
trying to play d5, lock down the centre as well as the queenside and only
subsequently (and extremely slowly) make progress with the kingside attack.
The idea could, however, have come slightly unstuck against the principled}
exd4 18. cxd4 c5 19. bxc5 dxc5 20. d5 c4 $132) (16. b3 $5 {is possibly more
ambitious than the text - White wants Bd3, c4, d5.} bxa4 {may be the best way
to counter this:} 17. bxa4 a5 18. Bd3 Qc8 $132 {Adams,M-Tan,J Bournemouth 2016,
Black has reasonable play according to current knowledge, but Black's position
looks slightly looser than usual, so there may be an incisive way for White to
get an edge.}) 16... axb5 {[%emt 0:00:04]} 17. Bg5 {[%emt 0:00:13]} Bg7 {
[%emt 0:06:43]} 18. Bd3 {[%emt 0:05:49]} Rxa1 {[%emt 0:06:36]} 19. Qxa1 {
[%emt 0:00:16]} c6 {[%emt 0:00:49]} 20. Be3 {[%emt 0:02:51]} (20. Qc1 {
followed by Bh6 is the engine idea, but Black is solid in any case.}) 20... Qc7
{[%emt 0:07:19]} 21. dxe5 {[%emt 0:01:00]} dxe5 {[%emt 0:00:03]} 22. Qc1 {
[%emt 0:00:52]} Bc8 {[%emt 0:05:35]} 23. Qc2 {[%emt 0:01:39] The last two
moves do not create a great impression, but White has a very wide margin of
error in such positions.} Nfd7 {[%emt 0:05:08]} 24. c4 {[%emt 0:05:31] This
move looks like White has reconciled himself to offering a draw soon.} Nxc4 {
[%emt 0:01:03]} 25. Bxc4 {[%emt 0:00:13]} bxc4 {[%emt 0:00:05]} 26. Qxc4 {
[%emt 0:00:10]} Nf8 {[%emt 0:01:19]} 27. Rc1 {[%emt 0:00:30]} Bb7 {[%emt 0:04:
33]} (27... Rd8 $5 {is a nice wrinkle: after} 28. Qxc6 Rd1+ 29. Kh2 Rxc1 30.
Qxc1 Qxc1 31. Bxc1 Ne6 $36 {Black has full compensation for the pawn despite
the reduced material and his bishop pair means his game is more pleasant.}) 28.
Nf1 {[%emt 0:04:57]} Ne6 {[%emt 0:00:17]} 29. N1d2 {[%emt 0:00:12]} Qa5 {
[%emt 0:10:37]} 30. Ng5 {[%emt 0:16:57]} Nxg5 {[%emt 0:01:18]} 31. Bxg5 {
[%emt 0:00:11]} Bf8 {[%emt 0:08:28]} 32. Be3 {[%emt 0:05:44] With a draw offer
which was accepted.} (32. Nb3 Qb5 33. Qc3 {was maybe worth considering, as on
strategic purity White is still marginally ahead. Definitely below super-GM
level there is a strong chance that White will consolidate a dark-square bind,
e.g. Be3-c5, Nd2, b4, f3, Kh2.}) 1/2-1/2

[Event "GER-ch 77th"]
[Site "Osterburg"]
[Date "2006.02.05"]
[Round "3"]
[White "Michalczak, Thomas"]
[Black "Graf, Alexander"]
[Result "1/2-1/2"]
[WhiteElo "2361"]
[BlackElo "2604"]
[Annotator "Finkel,A"]
[PlyCount "73"]
[EventDate "2006.02.03"]
[EventType "swiss"]
[EventRounds "9"]
[EventCountry "GER"]
[SourceTitle "CBM 112"]
[Source "ChessBase"]
[SourceDate "2006.06.07"]
[SourceVersion "1"]
[SourceVersionDate "2006.06.07"]
[SourceQuality "1"]

1. e4 e5 2. Nf3 Nc6 3. Bb5 a6 4. Ba4 Nf6 5. O-O Be7 6. Re1 b5 7. Bb3 O-O 8. c3
d6 9. h3 Nb8 10. d4 Nbd7 11. Nbd2 Bb7 12. Bc2 Re8 13. Nf1 Bf8 14. Ng3 g6 15. b3
c6 16. Bb2 Qb6 {None of the sides is ready to commit yet.} (16... Qc7 17. Bd3
Rad8 18. Qc2 Qb8 19. a4 Bg7 20. Rab1 Qa8 21. Ra1 Qb8 22. axb5 axb5 23. c4 exd4
24. Bxd4 b4 $13 {Solozhenkin,E-Yemelin,V/St Petersburg 1995}) (16... Bg7 17.
Qd2 Qc7 18. Nh2 h5 19. Rad1 Rad8 20. Bc1 $6 d5 21. exd5 Nxd5 22. Qg5 c5 $13 {
Moingt,J-Trabert,B/Bastia 2004}) 17. Qd2 {White just puts all his pieces in
the center without a clear purpose.} (17. dxe5 dxe5 18. Qe2 Rad8 19. Rad1 a5
20. Bc1 Qc7 21. h4 Ng4 22. Nh2 Nxh2 23. Kxh2 Nc5 24. Nf1 Ne6 25. g3 b4 $13 {
Vajda,S-Zatonskih,V/Bucharest 1997}) 17... Rad8 18. Rad1 Bg7 19. Bd3 d5 {
This is probably Black's best move in the position, but Black was too anxious
to win the game, so it hardly suited for this purpose.} (19... c5) 20. dxe5
Nxe5 21. Nxe5 Rxe5 ({Another way to equality is} 21... dxe4 22. Nxe4 Nxe4 23.
Rxe4 Rxe5 24. Rxe5 Bxe5 $11) 22. c4 Ree8 (22... Re6 23. cxd5 (23. e5 $6 Nd7 24.
cxd5 cxd5 $15 {[%csl Re5]}) 23... cxd5 24. Bb1 Rde8 25. e5 Ne4 26. Nxe4 dxe4
27. Bxe4 Bxe4 28. Rxe4 Bxe5 $11) 23. e5 Nd7 24. e6 $5 Rxe6 $6 {Black is trying
too hard to get something out of this position and finds himself in troubles.}
(24... fxe6 25. Bxg7 Kxg7 26. Qg5 Nf6 (26... Rf8 $2 27. Nh5+ Kh8 28. Nf4 $16)
27. h4 e5 28. h5 (28. Nf5+ Kf7 29. Nh6+ Kg7 $11) 28... e4 29. hxg6 hxg6 30.
Nf5+ Kf7 $11) 25. Rxe6 fxe6 26. Bxg7 Kxg7 27. Nh5+ $1 gxh5 (27... Kh8 28. Bxg6
$16 (28. Qh6 Rg8 29. Nf4 Nf8 (29... Ne5 30. Qg5 $1 $18) 30. Qg5 Qd4 $14)) 28.
Qg5+ Kh8 $2 {A losing move. It was necessary to play} (28... Kf8 29. Re1 $40 {
even though White's attack is very dangerous in any case.}) 29. Qe7 $1 $18 Nf8
30. c5 Qa5 31. b4 Qa4 32. Rb1 (32. Re1 $142 $1) 32... Rb8 $6 (32... Ra8 33.
Qxb7 Rd8 34. Qe7 Ra8 $18) 33. Qc7 $2 {Missing a simple win after} (33. Qf6+ $1
Kg8 34. Qg5+ Kh8 (34... Ng6 35. Bxg6 hxg6 36. Qxg6+ Kf8 37. Qf6+ Ke8 38. Qxe6+
Kd8 39. Qd6+ Kc8 40. Re1 $18) 35. Qe5+ Kg8 36. Qg3+ Kf7 37. Qxb8 $18) 33... Re8
34. Qf7 Rb8 35. Qc7 (35. Qf6+ $18) 35... Re8 36. Qf7 Rb8 37. Qc7 1/2-1/2

[Event "Moscow Aeroflot op-A"]
[Site "Moscow"]
[Date "2006.02.08"]
[Round "1"]
[White "Alekseev, Evgeny V"]
[Black "Sorokin, Maxim"]
[Result "1-0"]
[WhiteElo "2634"]
[BlackElo "2560"]
[Annotator "Finkel,A"]
[PlyCount "65"]
[EventDate "2006.02.08"]
[EventType "swiss"]
[EventRounds "9"]
[EventCountry "RUS"]
[SourceTitle "CBM 112"]
[Source "ChessBase"]
[SourceDate "2006.06.07"]
[SourceVersion "1"]
[SourceVersionDate "2006.06.07"]
[SourceQuality "1"]

1. e4 e5 2. Nf3 Nc6 3. Bb5 a6 4. Ba4 Nf6 5. O-O Be7 6. Re1 b5 7. Bb3 d6 8. c3
O-O 9. h3 Nb8 10. d4 Nbd7 11. Nbd2 Bb7 12. Bc2 c5 {One of the pet lines of
Ivan Sokolov.} 13. d5 {In most of the cases White doesn't hurry to close the
centre.} (13. Nf1 {is considered to be the main line.}) 13... c4 (13... g6 14.
Nf1 Nh5 15. Bh6 Re8 16. a4 Nb6 $5 17. a5 $6 Nc4 18. b3 $2 Nxa5 19. Ra2 Qc7 20.
Qa1 Bd8 $17 {Bologan,V-Atalik,S/Sarajevo 2004/CBM 101/[Atalik] (51)}) 14. b3
Qc7 $2 {After the move in the game Black pawn becomes vulnerable on c4, so it
seemed necessary to capture on b3.} (14... cxb3 15. axb3 Qc7 16. Bb2 Nb6 17. b4
Nfd7 18. Bb3 Kh8 19. Rc1 Nc4 20. Nxc4 bxc4 21. Bc2 a5 $11 {Nasybullin,
V-Seredenko,V/Tselinograd 1978}) 15. bxc4 bxc4 16. Rb1 {[%csl Rc4]} Rab8 (16...
a5 $5) 17. Qe2 Rfc8 18. Ba3 {[%cal Gb1b2,Ge1b1]} Nb6 $6 {[%csl Rb6] Now Black
has to worry about the knight too!} (18... Nh5) 19. Rb2 Nfd7 20. Reb1 Ba8 21.
g4 $1 {After the previous unfortunate play in the opening Black can barely
move, so it's easy to explaine his blunder in the next move.} Nf8 $2 22. Nxe5
$18 dxe5 (22... Bf6 23. Nexc4 Nxc4 24. Nxc4 Rxb2 25. Rxb2 Qxc4 26. Qxc4 Rxc4
27. Rb8 Be5 28. Rxa8 Rxc3 29. Bb3 $18) 23. Bxe7 Qxe7 24. Rxb6 Rxb6 25. Rxb6 Qa3
26. Nxc4 Qxc3 27. Bd3 Ng6 28. Qd2 {White needs to trade the queens in order to
deprive Black any counterchances.} Qa1+ (28... Rxc4 29. Qxc3 Rxc3 30. Rb8+ Nf8
31. Bxa6 $18) 29. Rb1 Qd4 30. Qe3 Qc3 31. Bf1 Qc2 32. Qb3 $1 Qxe4 $2 33. Nd6
1-0

[Event "China Chess King 1st"]
[Site "Taizhou"]
[Date "2015.11.25"]
[Round "1.2"]
[White "Lu, Shanglei"]
[Black "Ding, Liren"]
[Result "1-0"]
[WhiteElo "2615"]
[BlackElo "2781"]
[Annotator "Fischer,J"]
[PlyCount "115"]
[EventDate "2015.11.24"]
[EventType "k.o."]
[EventRounds "3"]
[EventCountry "CHN"]
[SourceTitle "CBM 170"]
[Source "ChessBase"]
[SourceDate "2016.01.15"]
[SourceVersion "1"]
[SourceVersionDate "2016.01.15"]
[SourceQuality "1"]
[TimeControl "40/5400+30:1800+30"]

1. e4 e5 2. Nf3 Nc6 3. Bb5 a6 4. Ba4 Nf6 5. O-O Be7 6. Re1 b5 7. Bb3 d6 8. c3
O-O 9. h3 Nb8 10. d4 Nbd7 11. c4 c6 12. Qc2 Bb7 13. Nc3 b4 14. Na4 c5 15. d5
Nh5 16. Qd1 Nf4 17. Bc2 Ng6 18. b3 Bc8 19. a3 a5 20. Be3 Nf6 21. Nh2 h6 22. Nf1
Nh7 23. Ng3 Bg5 24. Nb2 Bd7 25. Nf5 Qf6 26. Qf3 Bxe3 27. fxe3 Ne7 28. Nxe7+
Qxe7 29. Qg3 Rfb8 30. Reb1 h5 31. Kh1 h4 32. Qf2 Qg5 33. Nd3 Nf6 34. Ne1 a4 $6
{Releasing the tension on the queenside. Komodo here recommends} (34... Qh6 {
with the idea to advance the kingside pawns with ...g5.}) 35. axb4 Rxb4 36. Nf3
Qg3 37. Qxg3 hxg3 38. Nd2 Rb6 39. Ra2 Rab8 $2 {Now Black loses a pawn. Better
was} (39... Rba6) 40. bxa4 Rxb1+ 41. Nxb1 Bc8 42. Kg1 Ba6 43. Nd2 Rb4 44. Bd3
Kh7 45. Kf1 Kh6 46. Ke2 Kh5 47. a5 g5 48. Kd1 g4 49. Be2 Kg5 50. hxg4 Nxg4 51.
Bxg4 Kxg4 52. Kc2 Kg5 53. Kc3 f6 54. Rb2 Ra4 55. Rb6 Rxa5 56. Rxd6 Kg6 57. Rc6
Kf7 58. Kb2 1-0

[Event "Interpolis-03"]
[Site "Tilburg"]
[Date "1979.11.05"]
[Round "4"]
[White "Kavalek, Lubomir"]
[Black "Spassky, Boris Vasilievich"]
[Result "1/2-1/2"]
[WhiteElo "2590"]
[BlackElo "2640"]
[Annotator "Ftacnik,L"]
[PlyCount "42"]
[EventDate "1979.11.01"]
[EventType "tourn"]
[EventRounds "11"]
[EventCountry "NED"]
[EventCategory "15"]
[SourceTitle "MCL"]
[Source "ChessBase"]
[SourceDate "1999.07.01"]
[SourceVersion "1"]
[SourceVersionDate "1999.07.01"]
[SourceQuality "1"]

1. e4 e5 2. Nf3 Nc6 3. Bb5 a6 4. Ba4 Nf6 5. O-O Be7 6. Re1 b5 7. Bb3 d6 8. c3
O-O 9. h3 Nb8 10. d4 Nbd7 11. Nbd2 (11. Nh4 Re8 12. Nf5 Bf8) 11... Bb7 12. Bc2
Re8 13. Nf1 Bf8 14. Ng3 (14. Bg5 h6 15. Bh4 g5 (15... g6 $5 $10) (15... exd4
16. cxd4 g5 17. Bg3 Nxe4 18. d5 {~/=-Psakhis} Ndf6 $5) 16. dxe5 Nxe5 17. Bg3
Ng6 $1 (17... Ned7 18. N3d2 Bg7 19. Bh2 $13) 18. N1d2 Nh5 19. Bh2 Nhf4 20. a4
Qf6 $132) 14... g6 15. a4 {/\16.d5 ><b5} (15. b3 Bg7 16. Bb2 (16. a4 d5 17.
dxe5 Nxe4 18. Nxe4 dxe4 19. Bg5 Qc8 $10 (19... exf3 20. Bxd8 Raxd8 $13 {
Byrne-Spassky/San Juan /1975})) 16... c5 $10) (15. Bg5 h6 16. Bd2 Bg7 (16... c5
17. dxe5 Nxe5 18. Nxe5 dxe5 $10) 17. Qc1 (17. Rc1 c5 18. d5 Nb6 19. Bd3 Bc8 20.
Nh2 Qe7 21. Rf1 Ra7 $10) 17... Kh7 (17... h5 18. Bh6 Nh7 19. Qd2 Bxh6 20. Qxh6
Qf6 21. a4 Ndf8 22. d5 $14) 18. h4 d5 19. exd5 (19. h5 dxe4 20. hxg6+ fxg6 21.
Nxe4 exd4 $1 (21... Nxe4 22. Bxe4 Bxe4 23. Rxe4 exd4 24. Rxe8 Qxe8 25. cxd4 Rc8
26. Qc6 $1 $16 {Geller-Rubinetti}) 22. Neg5+ hxg5 23. Nxg5+ Kg8 24. Bxg6 Rxe1+
25. Qxe1 Nf8 26. Bf7+ Kh8 27. f3 N6h7 {=/+-Beliavsky}) 19... exd4 20. h5 dxc3
21. Bxc3 Bxd5 22. Nh4 Nf8 23. Nhf5 gxf5 24. Nxf5 $44) (15. Bd2 Bg7 (15... c5
16. d5 Bg7 17. b3 (17. Qc1 Kh8 18. Bg5 Qe7 19. Nh2 Qf8 20. Ng4 Ng8 $1 $10)
17... Nb6 18. Nh2 Bc8 19. Rf1 Ra7 20. f4 exf4 21. Bxf4 Qe7 $132) 16. Qc1 c5 (
16... Qe7 17. Bh6 Bxh6 18. Qxh6 Qf8 19. Qd2) (16... Nf8 17. Bh6 N6d7 18. Rd1
Qe7 19. Bb3 Ne6 $10) (16... d5 17. Bg5 Qc8 18. Nxe5 Nxe5 19. dxe5 Nxe4 20. Bxe4
dxe4 21. Bf6 Bxf6 22. exf6 Qe6 23. Nxe4 (23. Nh5 e3 $1 24. Rxe3 Qd5 25. Nf4 Qc6
$10) 23... Bxe4 24. Rxe4 Qxf6 $10) 17. Bh6 Qe7 18. Bxg7 Kxg7 19. Nd2 Nb6 $10) (
15. h4 d5 $132) 15... c5 (15... Bg7 16. d5 Qe7 17. b3 c6 18. c4 $16) 16. d5 {
/\17.b3} (16. Be3 exd4 (16... Qc7 17. Qd2 cxd4 18. cxd4 Nb6 $10) 17. cxd4 Bxe4
$1 (17... Nxe4 18. Bxe4 (18. Nxe4 Bxe4 19. Bg5 Bxf3 20. Bxd8 Bxd1 21. Rxe8 Bxc2
$17) 18... Bxe4 19. Bg5 $16) 18. Nxe4 Nxe4 19. Bxe4 Rxe4 20. dxc5 Nxc5 21. Qd5
Re8 (21... bxa4 $10 {Sax-Ivanchuk/Manila izt/990.}) 22. axb5 axb5 23. b4 Ne6
24. Rxa8 $10 {Sax-Beliavsky/Reykjavik/1988}) (16. b3 cxd4 17. cxd4 bxa4 18.
Rxa4 exd4 $132) 16... c4 (16... Nb6 17. Qe2 $1 {Karpov} (17. b3 bxa4 18. bxa4
a5 $1 {><c4}) 17... Nxa4 18. Bxa4 bxa4 19. Rxa4 $14 {><a6,d6 /\b3, c4, b4, c5})
(16... Bg7 17. b4 (17. c4 Nb6 18. Nd2 bxa4 19. Bxa4 Nxa4 20. Qxa4 Nd7 21. Ndf1
a5 $13 {Dvoiris-Georgadze/USR-ch/1989}) (17. Bg5 h6 18. Bd2 Nb6 $13) 17... cxb4
18. cxb4 Nb6 19. a5 Nc4 20. Bd3 Rc8 21. Ra2 Re7 (21... Rf8 {Karpov-Portisch/
Madrid/1973.} 22. Rc2 Ne8 23. Qe2 Kh8 24. Bxc4 bxc4 25. Rxc4 Rxc4 26. Qxc4 Nc7
$44) 22. Rc2 Rec7 $13) 17. Bg5 (17. Be3 Nc5 18. Qe2 (18. Qd2 Nfd7 19. h4 h5 20.
Ng5 Qe7 $10) 18... Nfd7 (18... Qc7 19. Ra3 (19. Nd2 $5) 19... Bg7 20. Rea1 Rec8
21. Nd2 Qd8 22. R1a2 Nfd7 $10) 19. Nd2 Qc7 20. Ra3 Nb6 21. axb5 axb5 $10) 17...
h6 (17... Nc5 $6 18. Qd2 Be7 19. Bh6 Nfd7 (19... Rb8 $5) 20. Nh2 Rb8 21. Rf1
Bc8 22. axb5 axb5 {Kavalek-Spassky/Montreal/1979} 23. Ng4 $1 Nf6 24. Nxf6+ Bxf6
25. f4 exf4 26. Qxf4 Nd7 27. e5 $40) 18. Be3 Nc5 19. Ra3 (19. Qd2 h5 (19... Kh7
20. Nh2 Bg7 21. Rf1 h5 22. f3 Qe7 $2 (22... Qc7 {23... Tf8, 24... Tae8}) 23.
Bg5 $1 Qf8 24. f4 exf4 25. Rxf4 Nfd7 26. Raf1 Ne5 27. Nxh5 $1 gxh5 28. Qe2 $40
{Spassky-Portisch/Genf/1977}) 20. Ng5 (20. Bg5 Be7 21. Bh6 Nfd7 22. Qe3 (22.
Rf1 $1) 22... Rb8 23. Rf1 Bf8 24. Bxf8 Rxf8 25. Nd2 Bc8 26. f4 exf4 27. Qxf4
Ne5 28. Nf3 Qe7 29. axb5 axb5 30. Qh6 b4 31. Ne2 $10 {Ljubojevic-Beljavski/
Beograd/1987}) 20... Bh6 21. Re2 Qe7 22. Rae1 h4 23. Nf1 Nh5 24. g3 hxg3 25.
fxg3 f6 26. g4 Nf4 $1 (26... Bxg5 $2 27. Bxg5 fxg5 28. gxh5 $16 {
Nunn-Beljavski/Szirak/1987}) 27. Bxf4 Bxg5 28. Bxg5 fxg5 $15) (19. Rf1 h5 {
Oim-Zagorovsky/corr/1993}) 19... Rb8 20. Nd2 Bc8 21. axb5 axb5 1/2-1/2